Gioielli e cosmesi del museo egizio de Firenze /
Other Authors:
Format: Book
Language: Italian
Published:
Firenze :
Giunti,
2003.
Series:
MAAT, Materiali del Museo egizio di Firenze ;
3.
MAAT ;
3.
Subjects:
Tags: Add Tag
Call Number: DT59 .F44 v.3
| LEADER | 01023namaa2200313 4500 | ||
|---|---|---|---|
| 001 | 13470 | ||
| 003 | OSt | ||
| 005 | 20260517121443.0 | ||
| 008 | 130303s2006 it a bc 000 0 ita d | ||
| 020 | |a 8809034465 | ||
| 020 | |a 9788809034464 | ||
| 040 | |c ARCE Library | ||
| 043 | |a f-ua--- |a e-it--- | ||
| 050 | 4 | |a DT59 .F44 v.3 | |
| 245 | 0 | 0 | |a Gioielli e cosmesi del museo egizio de Firenze / |c a cura di Maria Cristina Guidotti. |h |
| 264 | 1 | |a Firenze : |b Giunti, |c 2003. | |
| 300 | |a 63 pages : |b illustrations ; |c 24 cm. | ||
| 490 | 1 | |a MAAT, Materiali del Museo egizio di Firenze ; |v 3. | |
| 490 | 1 | |a MAAT ; |v 3. | |
| 504 | |a Includes bibliographical references (p. 62-63) | ||
| 610 | 2 | 0 | |a Museo egizio di Firenze |v Catalogs. |
| 650 | 0 | |a Jewelry, Ancient |z Egypt |v Catalogs. | |
| 650 | 0 | |a Beauty culture |z Egypt |v Catalogs. | |
| 700 | 1 | |a Guidotti, Maria Cristina. |9 31204 | |
| 830 | 0 | |a MAAT, Materiali del Museo egizio di Firenze ; |v 3. | |
| 830 | 0 | |a MAAT ; |v 3. | |
| 901 | |a reviewed | ||
| 942 | |c BK |2 lcc | ||
| 999 | |c 14545 |d 14545 | ||
